Biggest Cities not on the World Clock - Statistics

General Stats
  • This quiz has been taken 7 times
  • The average score is 6 of 10
Answer Stats
Population Answer % Correct
8,176,000 Wuhan
100%
7,681,000 Ahmedabad
75%
28,514,000 Delhi
75%
9,482,000 Hyderabad
75%
11,440,000 Bengaluru
50%
7,236,000 Hangzhou
50%
11,738,000 Lahore
50%
9,507,000 Nagoya
50%
7,444,000 Xian
50%
7,360,000 Donguan
0%
No matching quizzes found
Score Distribution
Percent of People with Each Score
Percentile by Number Answered
Your Score History
You have not taken this quiz